| 000 | 00932cas a2200265 a 4500 | ||
|---|---|---|---|
| 005 | 20260204151643.0 | ||
| 008 | 830302c19809999ii qr p 0 a0eng c | ||
| 020 | _a0300031823 | ||
| 040 |
_aKABLIB _beng _cKABLIB _erda |
||
| 082 | 0 | 4 |
_a321.8 _223 _bLIJ |
| 100 |
_aLijphart, Arend / _915127 |
||
| 210 | 1 | _aDemocracies | |
| 222 | 0 |
_aDemocracies _b(Patna) |
|
| 245 | 0 | 0 |
_aDemocracies: _bPatterns of Majoritarian and Conscensus Government in Twent-one Countries, _cArenda Lijphart |
| 260 |
_aWestford : _bCourier Westford, Inc. _cc[1984] |
||
| 300 |
_axii, 229 p. ; _c24 cm |
||
| 500 | _aIncludes Index. | ||
| 650 | 7 |
_aPolitics and government _2fast _0(OCoLC)fst01919741 _92203 |
|
| 651 | 0 |
_aIndia _xPolitics and government _vPeriodicals. _915128 |
|
| 906 |
_a7 _bcbc _cserials _d3 _encip _f19 _gn-oclcserc |
||
| 942 |
_2ddc _cBOOK |
||
| 999 |
_c5995 _d5995 |
||